LIBRARY & INFORMATION CENTRE, KCAET, TAVANUR

ONLINE PUBLIC ACCESS CATALOGUE (OPAC)

Building Construction- Volume -2- Meric Edition (Record no. 14634)

MARC details
000 -LEADER
fixed length control field 00309nam a22001337a 4500
020 ## - INTERNATIONAL STANDARD BOOK NUMBER
ISBN 9789332509344
082 ## - DEWEY DECIMAL CLASSIFICATION NUMBER
Classification number 690.
Item number MCK/BU
100 ## - MAIN ENTRY--AUTHOR NAME
Personal name Mckay, W.B.
245 ## - TITLE STATEMENT
Title Building Construction- Volume -2- Meric Edition
250 ## - EDITION STATEMENT
Edition statement 4 th
260 ## - PUBLICATION, DISTRIBUTION, ETC. (IMPRINT)
Place of publication Delhi
Name of publisher Pearson
Year of publication 2013
300 ## - PHYSICAL DESCRIPTION
Number of Pages 143
942 ## - ADDED ENTRY ELEMENTS (KOHA)
Koha item type Books
Holdings
Withdrawn status Lost status Damaged status Collection code Home library Current library Shelving location Date acquired Source of acquisition Cost, normal purchase price Full call number Accession Number Koha item type
        KAUAET KAUAET General Stacks 22/07/2016 Professional Book Centre. 399.00 690. MCK/BU 24260 Books
free website counter